000 00308nam a22001217a 4500
008 230627b xxu||||| |||| 00| 0 eng d
020 _a0813806453
082 _a338.18
_bBRE 1977
245 _aFarm Policy: 13 Essays
260 _bThe Lowa State University Press
_c1977
300 _aVII,121p
942 _2ddc
_cBK
999 _c2863
_d2863